000 00251nam a2200097Ia 4500
082 _a636.39 BEL
245 0 _aLittle indiscretions
100 _a Posadas, Carmen. London, 2003
_978733
942 _cBK
008 210817s9999 xx 000 0 und d
999 _c272618
_d272617